Mundo-consumo: ética del individuo en la aldea global

Guardat en:
Dades bibliogràfiques
Autor principal: Bauman, Zygmunt (Autor)
Format: Llibre
Idioma:espanyol
Publicat: Buenos Aires Paidós 2010
Edició:1a. ed
Col·lecció:Paidós Contextos, 175
Matèries:
Etiquetes: Afegir etiqueta
Sense etiquetes, Sigues el primer a etiquetar aquest registre!

MARC

LEADER 00000nam a2200000 a 4500
001 UCG5071
003 CL-VaPUC
008 101230e20100300AG |||||||||||||||||spa|d
020 |a 9789501250442 
082 0 4 |a 306  |b BAU  |2 21 
100 0 |a Bauman, Zygmunt  |e author  |9 554613 
245 1 0 |a Mundo-consumo: ética del individuo en la aldea global 
250 |a 1a. ed 
300 |a 384 p 
942 |c BK 
945 |d 20101230 00:00:00  |a dcastane 
260 |a Buenos Aires  |b Paidós  |c 2010 
650 0 |a Sociología de la cultura   |9 318280 
650 0 |a Cultura  |9 269059 
650 0 |a Consumidores  |9 315658 
650 0 |a Consumo  |9 333893 
650 7 |a TENDENCIA AL CONSUMO  |2 CL-VaPUC  |9 359738 
583 |a last modification  |c 20101230 00:00:00  |k Rodrigo Vera 
490 0 |a Paidós Contextos, 175 
999 |c 343643  |d 343641